Central Library OPAC University of Rajshahi

Entertainment arts in Australia. / (Record no. 76838)

MARC details
000 -LEADER
fixed length control field 00771nam a2200265 4500
001 - CONTROL NUMBER
control field 76838
003 - CONTROL NUMBER IDENTIFIER
rucl marc code BD-RjUL
005 - DATE AND TIME OF LATEST TRANSACTION
control field 20211209082909.0
008 - FIXED-LENGTH DATA ELEMENTS--GENERAL INFORMATION
fixed length control field 200126s1968 at a 000 0 eng
035 ## - SYSTEM CONTROL NUMBER
System control number (BD-RjUL)77062
040 ## - CATALOGING SOURCE
Original cataloging agency DLC
Transcribing agency DLC
Modifying agency DLC
Language of cataloging eng
041 ## - LANGUAGE CODE
Language code of text/sound track or separate title eng
082 00 - DEWEY DECIMAL CLASSIFICATION NUMBER
Classification number 790.20994
Edition number 23
Author mark and year ENT 1968
245 00 - TITLE STATEMENT
Title Entertainment arts in Australia. /
Statement of responsibility, etc. [Editorial: John Allen; Photographs: Robert Walker]
260 ## - PUBLICATION, DISTRIBUTION, ETC. (IMPRINT)
Place of publication, distribution, etc. Sydney,
Name of publisher, distributor, etc. Hamlyn
Date of publication, distribution, etc. [1968]
300 ## - PHYSICAL DESCRIPTION
Pagination 159 p. :
Illustrations illus. ;
Size 24 x 25 cm.
350 ## - PRICE (NR) (BK AM CF MU VM SE) [OBSOLETE]
Price 1.75
650 #0 - SUBJECT ADDED ENTRY--TOPICAL TERM
Topical term or geographic name as entry element Performing arts
Geographic subdivision Australia.
9 (RLIN) 238362
700 1# - ADDED ENTRY--PERSONAL NAME
Personal name Allen, John,
906 ## - LOCAL DATA ELEMENT F, LDF (RLIN)
a 7
b cbc
c orignew
d u
e ncip
f 19
g y-gencatlg
942 ## - ADDED ENTRY ELEMENTS (KOHA)
Source of classification or shelving scheme Dewey Decimal Classification
Koha item type Books
Holdings
Lost status Source of classification or shelving scheme Damaged status Not for loan Collection code Permanent Location Current Location Shelving location Date acquired Source of acquisition Total Checkouts Full call number Date last seen Copy number Koha item type
  Dewey Decimal Classification   Not For Loan Non-fiction Central Library, University of Rajshahi Central Library, University of Rajshahi Reading Room 15/09/1973 Govt of Australia   790.20994 ENT 1968 26/01/2020 C-1 Books